000 00911nam a2200253Ia 4500
003 OSt
005 20220926015108.0
006 a|||||r|||| 00| 0
007 ta
008 220923b |||||||| |||| 00| 0 eng d
020 _a039370386X
_c1776.82
037 _b798, 01/08/2006, VIBHA BOOKS INTERNATIONAL
_cGeneral Book
040 _aRTL
_cRTL
_beng
041 _2eng
_aeng
082 _aY21:3(S:52), P5
100 _aAtkinson Brent J
_9321576
245 0 _aEmotional intelligence in couples therapy
_b Advances from neurobiology and the science of intimate relationships
260 _aNew York
_bNorton
_c2005
300 _ax, 374p
_ccm.
500 _aBibliography: P 355-63; Appendix: P 324-54
650 _aFamily Sociology of Emotion
_9321577
942 _hY21:3(S:52), P5
_cGB
_2CC
999 _c630525
_d630525